Normal view
MARC view
- Watteville , Vivienne De
Entry Personal Name
001 - CONTROL NUMBER
- control field: 133848
003 - CONTROL NUMBER IDENTIFIER
- control field: NUST
005 - DATE AND TIME OF LATEST TRANSACTION
- control field: 20260403120623.0
008 - FIXED-LENGTH DATA ELEMENTS
- fixed length control field: 260403|| aca||aabn | a|a d
040 ## - CATALOGING SOURCE
- Original cataloging agency: NUST
- Transcribing agency: NUST
100 ## - HEADING--PERSONAL NAME
- Personal name: Watteville , Vivienne De
670 ## - SOURCE DATA FOUND
- Source citation: Work cat.: (NUST): Watteville , Vivienne De., Speak to the Earth: Wanderings and Reflections Among Elephants and Mountains /, 1986.
